000 00770nam a2200193 a 4500
001 000259214
003 AM-YEHGA
005 20260129132609.0
008 030908s1969 ai |||||||||||000|||arm d
040 _aAM-YEHGA
041 0 _aarm
100 1 _aԲակունց, Ակսել,
_d1899-1937
_9961
245 1 0 _aԱլպիական մանուշակ :
_b[Պատմվածքներ] /
_cԱ. Բակունց ; Կազմ. և խմբ.՝ Ս.Հ. Ումառյան ; Նկ.՝ Լ. Մանասերյան.
260 _aԵրևան :
_bՀայաստան,
_c1969.
300 _a255 էջ ;
_c20 սմ.
650 1 4 _aՀայ գրականություն
_xՊատմվածք
700 1 _aՈւմառյան, Սերգեյ Հովհաննեսի,
_d1920-1995
_eկազմ.
_4com
_eխմբ.
_4edt
_92472
942 _2udc
_cBK
999 _c93586
_d93586